000 00566nam a22002057a 4500
001 00028672
005 20260330113055.0
008 260330b ag ||||| |||| 00| 0 spa d
020 _a9789504943280
040 _bspa
_cAR-CcCEOS
080 _a918(82)
090 _bLUN
100 1 _aLuna, Félix
_9141
245 _aHistoria argentina 15 :
_bEl roquismo y las revoluciones radicales (1880/1900) /
_cFélix Luna
250 _a1ª ed.
260 _aBuenos Aires :
_bPlaneta,
_cc2014.
300 _a96 p. ;
_c25x20 cm.
650 0 _ahistoria
942 _2udc
_cBK
999 _c28705
_d28705
945 _a66467
_bMelina Rolando
_c66467
_dMelina Rolando